Fr. Conceicao Rodrigues College of Engineering

Oracle J Developer 10g for forms and PL/SQL Developers (Record no. 27136)

MARC details
000 -LEADER
fixed length control field 00395nam a2200169Ia 4500
082 ## - DEWEY DECIMAL CLASSIFICATION NUMBER
Classification number 005.133J/KOL
Item number KOL
100 ## - MAIN ENTRY--PERSONAL NAME
Personal name Koletzke/Peter/ Mills/D
245 ## - TITLE STATEMENT
Title Oracle J Developer 10g for forms and PL/SQL Developers
260 ## - PUBLICATION, DISTRIBUTION, ETC.
Name of publisher, distributor, etc. Oracle Press
Date of publication, distribution, etc. 2007
366 ## - TRADE AVAILABILITY INFORMATION
Publishers's discount category 15
300 ## - PHYSICAL DESCRIPTION
Extent 570
546 ## - LANGUAGE NOTE
Language note ENGLISH
650 ## - SUBJECT ADDED ENTRY--TOPICAL TERM
Topical term or geographic name entry element Oracle
654 ## - SUBJECT ADDED ENTRY--FACETED TOPICAL TERMS
Focus term oracle J 10g PL/SQL
942 ## - ADDED ENTRY ELEMENTS (KOHA)
Koha item type BOOK
Holdings
Withdrawn status Lost status Damaged status Not for loan Collection Home library Current library Shelving location Date acquired Source of acquisition Cost, normal purchase price Inventory number Total Checkouts Full call number Barcode Date last seen Cost, replacement price Price effective from Koha item type
        CRC Fr. Agnel's C.Rodrigues College of Engineering Fr. Agnel's C.Rodrigues College of Engineering   17/03/2023 Unique Book Distributors 510.00 5353 dt 11/04/2007   005.133J/KOL KOL 17368 17/03/2023 525.00   BOOK